A carregar...
Facets of freedom : a moral and political analysis
| Autor principal: | |
|---|---|
| Publicado em: |
New Delhi
Concept publishing company
1997
|
| Assuntos: |
| LEADER | 00507nam a22001577a 4500 | ||
|---|---|---|---|
| 020 | |a 8170226759 | ||
| 074 | |a 3065 | ||
| 082 | |a 123.1 |b VAZ | ||
| 100 | |a Vazhayil, Joy |9 640 | ||
| 245 | |a Facets of freedom |b : a moral and political analysis | ||
| 260 | |a New Delhi |b Concept publishing company |c 1997 | ||
| 300 | |a 169p. | ||
| 500 | |a Includes index, | ||
| 653 | |a Philosophy |a Freedom | ||
| 999 | |c 2651 |d 2651 | ||
| 952 | |0 0 |1 0 |2 udc |4 0 |6 1231_VAZ |7 0 |9 3645 |a NUALS |b NUALS |d 2009-12-07 |l 0 |o 123.1 VAZ |p 3065 |r 2013-04-11 |t 1 |w 2013-04-11 |y VRK | ||